[Event "GER-ch 37th"]
[Site "Magdeburg"]
[Date "2019.06.01"]
[Round "9"]
[White "Nosek, Reinhard"]
[Black "Moeller, Dustin"]
[Result "0-1"]
[WhiteElo "1913"]
[BlackElo "2156"]
[PlyCount "63"]
[EventDate "2019.05.26"]
[EventType "swiss"]
[EventRounds "9"]
[EventCountry "GER"]
[SourceTitle "CBM 190 Extra"]
[Source "ChessBase"]
[SourceDate "2019.07.15"]
[SourceVersion "1"]
[SourceVersionDate "2019.07.15"]
[SourceQuality "1"]

1. d4 d5 2. Nf3 Nf6 3. Bf4 e6 4. Nbd2 c5 5. c3 Nc6 6. e3 cxd4 7. exd4 Nh5 8. Be3 Bd6 9. Bb5 g6 10. Ne5 Bd7 11. Nxd7 Qxd7 12. Nf3 f6 13. Qd2 0-0 14. 0-0 Qf7 15. Rad1 Rad8 16. Qc1 g5 17. g3 Ne7 18. Bd3 Ng6 19. Qc2 g4 20. Bxg6 hxg6 21. Ne1 Qh7 22. f4 Ng7 23. Bc1 Nf5 24. Qe2 Qh5 25. Nd3 Kf7 26. Rde1 Rde8 27. Qg2 Rh8 28. Re2 Rh7 29. Kf2 Qxh2 30. Ke1 Qxg3+ 31. Kd2 Rh3 32. Rg1 0-1

[Event "GER-ch 37th"]
[Site "Magdeburg"]
[Date "2019.05.28"]
[Round "3"]
[White "Kardoeus, David"]
[Black "Nosek, Reinhard"]
[Result "1-0"]
[WhiteElo "2202"]
[BlackElo "1913"]
[PlyCount "55"]
[EventDate "2019.05.26"]
[EventType "swiss"]
[EventRounds "9"]
[EventCountry "GER"]
[SourceTitle "CBM 190 Extra"]
[Source "ChessBase"]
[SourceDate "2019.07.15"]
[SourceVersion "1"]
[SourceVersionDate "2019.07.15"]
[SourceQuality "1"]

1. e4 c5 2. Nf3 Nc6 3. d4 cxd4 4. Nxd4 Nf6 5. Nc3 e5 6. Ndb5 d6 7. Bg5 a6 8. Na3 Be7 9. Nc4 b5 10. Bxf6 gxf6 11. Ne3 Nd4 12. Ncd5 f5 13. c3 f4 14. Nxe7 fxe3 15. Nxc8 Qh4 16. Nxd6+ Kf8 17. g3 Qf6 18. f4 Rd8 19. cxd4 Qxd6 20. Qd3 Qb6 21. Qxe3 Rxd4 22. Bd3 Qa5+ 23. Qd2 Qd8 24. 0-0-0 exf4 25. gxf4 Rg8 26. Qc2 Rg4 27. Qc5+ Qd6 28. Qc8+ 1-0

[Event "GER-ch 37th"]
[Site "Magdeburg"]
[Date "2019.05.26"]
[Round "1"]
[White "Nosek, Reinhard"]
[Black "Svane, Frederik"]
[Result "0-1"]
[WhiteElo "1913"]
[BlackElo "2342"]
[PlyCount "79"]
[EventDate "2019.05.26"]
[EventType "swiss"]
[EventRounds "9"]
[EventCountry "GER"]
[SourceTitle "CBM 190 Extra"]
[Source "ChessBase"]
[SourceDate "2019.07.15"]
[SourceVersion "1"]
[SourceVersionDate "2019.07.15"]
[SourceQuality "1"]

1. d4 Nf6 2. Bg5 e6 3. Nd2 h6 4. Bh4 c5 5. e3 d5 6. Ngf3 Nc6 7. c3 Qb6 8. Qb3 Bd7 9. Bg3 Qxb3 10. axb3 Nh5 11. dxc5 Nxg3 12. hxg3 Bxc5 13. b4 Bb6 14. b5 Ne7 15. g4 0-0 16. Bd3 f6 17. e4 Rad8 18. 0-0 e5 19. exd5 Nxd5 20. c4 Nb4 21. Be4 Bxg4 22. Ra4 Nd3 23. Bd5+ Kh7 24. b4 f5 25. Bxb7 Bxf3 26. Bxf3 Nb2 27. Ra6 Rxd2 28. c5 e4 29. cxb6 axb6 30. Bh5 Nd3 31. Rxb6 Nf4 32. Rd1 Rb2 33. g4 Nh3+ 34. Kg2 Nxf2 35. Bg6+ Kg8 36. Rd7 Nxg4+ 37. Kg1 Ne5 38. Rc7 Nf3+ 39. Kf1 e3 40. Re6 0-1

[Event "Sachsen-ch"]
[Site "Leipzig"]
[Date "2018.11.03"]
[Round "3"]
[White "Wang, Ruiming"]
[Black "Nosek, Reinhard"]
[Result "0-1"]
[WhiteElo "1735"]
[BlackElo "1853"]
[PlyCount "66"]
[EventDate "2018.11.02"]
[EventType "swiss"]
[EventRounds "6"]
[EventCountry "GER"]
[SourceTitle "CBM 187 Extra"]
[Source "ChessBase"]
[SourceDate "2018.11.04"]
[SourceVersion "1"]
[SourceVersionDate "2018.11.04"]
[SourceQuality "1"]

1. e4 c5 2. c3 b6 3. d4 e6 4. Be3 Nf6 5. Bd3 Bb7 6. Nd2 cxd4 7. cxd4 Bb4 8. f3 h5 9. Ne2 h4 10. a3 Be7 11. Nf4 g5 12. Nh3 Nh5 13. e5 Nc6 14. Ne4 Rg8 15. Qd2 Nf4 16. Bc4 Na5 17. Ba2 Nxh3 18. gxh3 Rc8 19. d5 exd5 20. Bxd5 Nc4 21. Bxc4 Rxc4 22. b3 Rc6 23. Kf2 Qc7 24. Nd6+ Bxd6 25. exd6 Rxd6 26. Qc1 Rc6 27. Qe1 Re6 28. Rc1 Qe5 29. Qc3 Qf5 30. Bd4 g4 31. hxg4 Rxg4 32. Rhe1 h3 33. Bf6 Rg2+ 0-1

[Event "Leipzig VfB op 25th"]
[Site "Leipzig"]
[Date "2018.03.25"]
[Round "9"]
[White "Nosek, Reinhard"]
[Black "Reimann, Hubert"]
[Result "0-1"]
[WhiteElo "1859"]
[BlackElo "1952"]
[PlyCount "86"]
[EventDate "2018.03.20"]
[EventType "swiss"]
[EventRounds "9"]
[EventCountry "GER"]
[SourceTitle "CBM 183 Extra"]
[Source "ChessBase"]
[SourceDate "2018.04.19"]
[SourceVersion "1"]
[SourceVersionDate "2018.04.19"]
[SourceQuality "1"]

1. Nf3 Nf6 2. c4 d5 3. cxd5 Nxd5 4. e4 Nf6 5. Nc3 e6 6. d4 Be7 7. Bd3 0-0 8. 0-0 a6 9. Qe2 c5 10. e5 Nd5 11. Qe4 g6 12. Bh6 Re8 13. h4 cxd4 14. Ne2 f5 15. exf6 Nxf6 16. Qf4 Nc6 17. Nfxd4 Nh5 18. Qe4 Nxd4 19. Nxd4 Bf6 20. Nf3 Bxb2 21. Rad1 Qf6 22. g4 Ng7 23. Bg5 Qf7 24. h5 Rf8 25. Nh4 Bd7 26. hxg6 hxg6 27. Nxg6 Rfe8 28. Qh1 Nf5 29. gxf5 exf5 30. Ne7+ Rxe7 31. Bxe7 Qxe7 32. Bc4+ Kg7 33. Qg2+ Kf6 34. Rfe1 Be5 35. Qh3 Qg7+ 36. Kf1 Rh8 37. Qe3 Rh1+ 38. Ke2 Qg4+ 39. f3 Qxc4+ 40. Kf2 Qh4+ 41. Ke2 Bb5+ 42. Kd2 Qb4+ 43. Kc2 Qb2# 0-1

[Event "Leipzig VfB op 25th"]
[Site "Leipzig"]
[Date "2018.03.22"]
[Round "4"]
[White "Preussner, Michael"]
[Black "Nosek, Reinhard"]
[Result "0-1"]
[WhiteElo "1992"]
[BlackElo "1859"]
[PlyCount "96"]
[EventDate "2018.03.20"]
[EventType "swiss"]
[EventRounds "9"]
[EventCountry "GER"]
[SourceTitle "CBM 183 Extra"]
[Source "ChessBase"]
[SourceDate "2018.04.19"]
[SourceVersion "1"]
[SourceVersionDate "2018.04.19"]
[SourceQuality "1"]

1. e4 c5 2. Nf3 d6 3. d4 cxd4 4. Nxd4 g6 5. Nc3 Bg7 6. Be3 Nf6 7. f3 Nc6 8. Qd2 Bd7 9. Bc4 Ne5 10. Bb3 a5 11. a4 Rc8 12. Qe2 h5 13. h4 Bc6 14. 0-0-0 Nfd7 15. Ndb5 Kf8 16. g4 b6 17. gxh5 Nc5 18. Kb1 Rxh5 19. Na7 Rc7 20. Nxc6 Nxc6 21. Rd5 Be5 22. f4 Bxc3 23. Rxh5 gxh5 24. bxc3 e6 25. Qxh5 Qf6 26. e5 dxe5 27. fxe5 Qxe5 28. Bh6+ Ke8 29. Qxe5 Nxe5 30. Bf4 f6 31. h5 Rh7 32. Be3 Ke7 33. Kc1 Ng4 34. Bxc5+ bxc5 35. Bc4 f5 36. Be2 Kf6 37. Kd2 Kg5 38. Rb1 Rxh5 39. Rb5 Rh2 40. Rxc5 Nf2 41. Rxa5 Kf4 42. Ra6 Ne4+ 43. Ke1 e5 44. Bd3 Ke3 45. Bxe4 Kxe4 46. Kd1 f4 47. Re6 f3 48. a5 Rh1+ 0-1

[Event "Leipzig VfB op 24th"]
[Site "Leipzig"]
[Date "2017.03.22"]
[Round "2"]
[White "Neumann, Uwe"]
[Black "Nosek, Reinhard"]
[Result "0-1"]
[WhiteElo "1627"]
[BlackElo "1858"]
[PlyCount "47"]
[EventDate "2017.03.21"]
[EventType "swiss"]
[EventRounds "9"]
[EventCountry "GER"]
[SourceTitle "EXT 2018"]
[Source "ChessBase"]
[SourceDate "2017.10.13"]
[SourceVersion "1"]
[SourceVersionDate "2017.10.13"]
[SourceQuality "1"]

1. e4 c5 2. Nc3 Nc6 3. Nf3 e6 4. Bc4 a6 5. a4 Qc7 6. 0-0 Nf6 7. d3 Ng4 8. h3 h5 9. g3 Nf6 10. Bf4 d6 11. Kg2 Qd7 12. Rh1 b6 13. e5 dxe5 14. Nxe5 Nxe5 15. Bxe5 Bb7+ 16. f3 h4 17. Ne4 Nd5 18. Bxd5 exd5 19. Nf2 f6 20. Bf4 g5 21. Bd2 Qd6 22. Qe2+ Kf7 23. g4 Re8 24. Qf1 0-1

[Event "Leipzig VfB op 24th"]
[Site "Leipzig"]
[Date "2017.03.21"]
[Round "1"]
[White "Nosek, Reinhard"]
[Black "Ivanov, Mikhail M"]
[Result "0-1"]
[WhiteElo "1858"]
[BlackElo "2414"]
[PlyCount "70"]
[EventDate "2017.03.21"]
[EventType "swiss"]
[EventRounds "9"]
[EventCountry "GER"]
[SourceTitle "EXT 2018"]
[Source "ChessBase"]
[SourceDate "2017.10.13"]
[SourceVersion "1"]
[SourceVersionDate "2017.10.13"]
[SourceQuality "1"]

1. Nf3 c5 2. e4 Nc6 3. c3 Nf6 4. d3 g6 5. Be2 Bg7 6. Bg5 h6 7. Be3 b6 8. Qa4 Bb7 9. Nbd2 Qc7 10. h3 0-0 11. 0-0 d5 12. Rfc1 e5 13. Nf1 a6 14. Qc2 Rad8 15. Bd2 Rfe8 16. b4 dxe4 17. dxe4 Nxe4 18. Qxe4 Nd4 19. Qe3 Nf5 20. bxc5 Nxe3 21. Bxe3 bxc5 22. N3d2 f5 23. Rab1 Bd5 24. f3 Rb8 25. Bxa6 Rxb1 26. Rxb1 Rb8 27. Rxb8+ Qxb8 28. c4 Ba8 29. Bxc5 Qb2 30. a4 e4 31. Be3 Bd4 32. Kf2 f4 33. Bxd4 Qxd4+ 34. Ke1 Qa1+ 35. Ke2 e3 0-1

[Event "Leipzig VfB op 22nd"]
[Site "Leipzig"]
[Date "2015.03.05"]
[Round "4"]
[White "Nosek, Reinhard"]
[Black "Wartlick, Ole"]
[Result "1/2-1/2"]
[WhiteElo "1874"]
[BlackElo "2027"]
[PlyCount "105"]
[EventDate "2015.03.03"]
[EventType "swiss"]
[EventRounds "9"]
[EventCountry "GER"]
[SourceTitle "EXT 2016"]
[Source "ChessBase"]
[SourceDate "2015.10.08"]
[SourceVersion "1"]
[SourceVersionDate "2015.10.08"]
[SourceQuality "1"]

1. Nf3 Nf6 2. c4 e6 3. Nc3 c5 4. e4 d6 5. a3 Nc6 6. d4 cxd4 7. Nxd4 Bd7 8. Ndb5 Qb8 9. Bg5 a6 10. Nd4 Be7 11. Be2 0-0 12. Nc2 Qc7 13. 0-0 Rad8 14. Ne3 Bc8 15. Bf4 b6 16. Rc1 Qb8 17. Bf3 Ne5 18. Be2 Bb7 19. f3 Nh5 20. Bg3 Nxg3 21. hxg3 Nd7 22. g4 Nf6 23. Qb3 Qa7 24. Na4 Bc6 25. Qxb6 Qxb6 26. Nxb6 Rb8 27. c5 dxc5 28. Nbc4 Rfc8 29. Rc2 h6 30. Rd2 Bb5 31. Kf2 Rd8 32. Rfd1 Ne8 33. e5 Nc7 34. Na5 Rxd2 35. Rxd2 Bg5 36. Rc2 Bxe2 37. Kxe2 Rb5 38. Nec4 Nd5 39. g3 Bd8 40. Nc6 Bc7 41. Kd2 Rb3 42. Ke2 Kf8 43. Nd2 Rb6 44. Rxc5 Rxb2 45. Nb4 Bxe5 46. Nd3 Nc3+ 47. Ke3 Nd1+ 48. Ke2 Nc3+ 49. Kf1 Rxd2 50. Nxe5 Nd5 51. Ra5 Nc7 52. Rc5 Rd5 53. Ke2 1/2-1/2

[Event "Dresden ZMD op 23rd"]
[Site "Dresden"]
[Date "2014.08.22"]
[Round "8"]
[White "Pallas, Sebastian"]
[Black "Nosek, Reinhard"]
[Result "1-0"]
[WhiteElo "2026"]
[BlackElo "1899"]
[PlyCount "83"]
[EventDate "2014.08.15"]
[EventType "swiss"]
[EventRounds "9"]
[EventCountry "GER"]
[SourceTitle "CBM 161 Extra"]
[Source "ChessBase"]
[SourceDate "2014.08.29"]
[SourceVersion "1"]
[SourceVersionDate "2014.08.29"]
[SourceQuality "1"]

1. e4 c5 2. Nf3 g6 3. d4 Bg7 4. c4 cxd4 5. Nxd4 Qb6 6. Nb5 a6 7. N5c3 e6 8. Be2 Ne7 9. 0-0 0-0 10. Na3 f5 11. Rb1 Nbc6 12. Bd2 Nd4 13. Nc2 fxe4 14. Nxe4 d5 15. Nc3 Nxc2 16. Qxc2 d4 17. Ne4 Bd7 18. b4 Qc7 19. Bd3 Rae8 20. a4 Nf5 21. c5 Bc6 22. b5 Bd5 23. Bb4 Qf4 24. c6 Rf7 25. Bd2 Qh4 26. cxb7 Bxb7 27. bxa6 Bd5 28. Bg5 Qh5 29. Bf4 Nh4 30. Bg3 Ref8 31. Rbe1 Qg4 32. Qe2 Nf3+ 33. gxf3 Rxf3 34. Nd2 h5 35. Nxf3 Bxf3 36. Qxe6+ Qxe6 37. Rxe6 g5 38. a7 Kf7 39. Rfe1 Bd5 40. Re7+ Kg8 41. Be5 Bxe5 42. R1xe5 1-0

[Event "Dresden ZMD op 23rd"]
[Site "Dresden"]
[Date "2014.08.20"]
[Round "6"]
[White "De Andres Gonalons, Fernando"]
[Black "Nosek, Reinhard"]
[Result "1-0"]
[WhiteElo "2013"]
[BlackElo "1899"]
[PlyCount "23"]
[EventDate "2014.08.15"]
[EventType "swiss"]
[EventRounds "9"]
[EventCountry "GER"]
[SourceTitle "CBM 161 Extra"]
[Source "ChessBase"]
[SourceDate "2014.08.29"]
[SourceVersion "1"]
[SourceVersionDate "2014.08.29"]
[SourceQuality "1"]

1. d4 d5 2. c4 c6 3. Nf3 Nf6 4. Nc3 Nbd7 5. e3 e6 6. Bd3 Bd6 7. e4 Bb4 8. cxd5 cxd5 9. e5 Ne4 10. Qc2 f5 11. exf6 Ndxf6 12. Qa4+ 1-0

[Event "Leipzig VfB op 20th"]
[Site "Leipzig"]
[Date "2013.03.07"]
[Round "5"]
[White "Kapahnke, Tilo"]
[Black "Nosek, Reinhard"]
[Result "0-1"]
[WhiteElo "1535"]
[BlackElo "1887"]
[PlyCount "90"]
[EventDate "2013.03.05"]
[EventType "swiss"]
[EventRounds "9"]
[EventCountry "GER"]
[SourceTitle "EXT 2014"]
[Source "ChessBase"]
[SourceDate "2013.11.20"]
[SourceVersion "1"]
[SourceVersionDate "2013.11.20"]
[SourceQuality "1"]

1. e4 c5 2. Nf3 d6 3. d4 cxd4 4. Nxd4 Nf6 5. Nc3 g6 6. Be3 Bg7 7. Bc4 0-0 8. f3 a6 9. Qd2 Nc6 10. 0-0-0 Na5 11. Be2 b5 12. Bh6 Bb7 13. h4 Qd7 14. Bxg7 Kxg7 15. g4 e5 16. Nf5+ Kh8 17. Nxd6 b4 18. Qg5 Qe6 19. Nxb7 Nxb7 20. Nb1 Rfc8 21. b3 Nd6 22. Qd2 Nb5 23. g5 Ne8 24. Qd5 Qe7 25. Bc4 Nbd6 26. Nd2 Nc7 27. Qc5 a5 28. Nb1 Ncb5 29. Qd5 Rab8 30. Bxb5 Nxb5 31. Kb2 Rd8 32. Qc6 Kg8 33. Rxd8+ Qxd8 34. Qd5 Qc7 35. Qd3 a4 36. Rc1 Qa5 37. c3 axb3 38. axb3 Ra8 39. Kc2 Qa2+ 40. Kd1 Qxb3+ 41. Qc2 Rd8+ 42. Ke1 Qe6 43. cxb4 Nd4 44. Qg2 Qb3 45. Kf2 Qb2+ 0-1

[Event "Berlin Lichtenrade op 07th"]
[Site "Berlin"]
[Date "2011.10.08"]
[Round "1"]
[White "Nosek, Reinhard"]
[Black "Teske, Henrik"]
[Result "0-1"]
[WhiteElo "1914"]
[BlackElo "2547"]
[PlyCount "66"]
[EventDate "2011.10.08"]
[EventType "swiss"]
[EventRounds "9"]
[EventCountry "GER"]
[SourceTitle "CBM 144 Extra"]
[Source "ChessBase"]
[SourceDate "2011.10.28"]
[SourceVersion "1"]
[SourceVersionDate "2011.10.28"]
[SourceQuality "1"]

1. d4 Nf6 2. Nf3 c5 3. e3 g6 4. b3 Bg7 5. Bb2 0-0 6. Bd3 d5 7. 0-0 Nc6 8. c3 e5 9. Nxe5 Nxe5 10. dxe5 Ng4 11. Be2 Nxe5 12. Nd2 Be6 13. Rc1 Qa5 14. a3 c4 15. b4 Qc7 16. Nf3 a5 17. b5 a4 18. Nd4 Rfd8 19. f4 Nd7 20. g4 Nc5 21. f5 Bd7 22. Qe1 Qe5 23. Rf3 Ne4 24. h3 Re8 25. Rb1 Qd6 26. Bf1 Ng5 27. Qg3 Nxf3+ 28. Qxf3 Re4 29. Bc1 Rae8 30. h4 h5 31. Bh3 hxg4 32. Bxg4 Bxd4 33. cxd4 Rxg4+ 0-1

[Event "Leipzig VfB op 18th"]
[Site "Leipzig"]
[Date "2011.03.24"]
[Round "4"]
[White "Garbe, Maximilian"]
[Black "Nosek, Reinhard"]
[Result "0-1"]
[WhiteElo "1695"]
[BlackElo "1926"]
[PlyCount "98"]
[EventDate "2011.03.20"]
[EventType "swiss"]
[EventRounds "9"]
[EventCountry "GER"]
[SourceTitle "CBM 141 Extra"]
[Source "ChessBase"]
[SourceDate "2011.05.03"]
[SourceVersion "1"]
[SourceVersionDate "2011.05.03"]
[SourceQuality "1"]

1. e4 d6 2. d4 Nf6 3. Nc3 c6 4. Bg5 Qa5 5. Bxf6 exf6 6. Bd3 Qb6 7. Rb1 Qxd4 8. Nd5 Kd8 9. Nf3 Bg4 10. Nxd4 Bxd1 11. Kxd1 cxd5 12. exd5 Nd7 13. Re1 Rc8 14. Rc1 g6 15. g3 a6 16. b3 Bh6 17. f4 f5 18. c4 Nc5 19. Kd2 Bg7 20. Nf3 Kd7 21. Re3 Bf6 22. Rce1 h6 23. h4 Rhg8 24. Rf1 Bb2 25. Kc2 Bf6 26. Kd2 Bd8 27. Kc2 Bb6 28. Re2 Ba5 29. Nd4 Rce8 30. Rff2 Ne4 31. Bxe4 fxe4 32. Rf1 Bb6 33. Kc3 f5 34. Ne6 Ke7 35. Rg2 Kf6 36. Kd2 Ba5+ 37. Kc2 Rc8 38. Kb2 b5 39. Rc1 bxc4 40. Rxc4 Rxc4 41. bxc4 Rb8+ 42. Kc1 Rc8 43. Rc2 Be1 44. h5 gxh5 45. c5 dxc5 46. Rxc5 Rxc5+ 47. Nxc5 Bxg3 48. Nxa6 h4 49. d6 h3 0-1